[Event "Mundial Juvenil femenino 2005 s12"]
[Site "Belfort FRA"]
[Date "2005.07.21"]
[Round "3.18"]
[White "Karabayeva, Zhanna"]
[Black "Adamowicz, Katarzyna"]
[Result "0-1"]
[WhiteElo "1599"]
[BlackElo "1885"]
[PlyCount "84"]
[EventDate "2005.07.19"]
[EventType "swiss"]
[EventRounds "11"]
[EventCountry "FRA"]
[Source "lmi"]
[SourceDate "2005.07.31"]

1. e4 e5 2. Nf3 Nc6 3. Bb5 a6 4. Ba4 Nf6 5. O-O Be7 6. Re1 b5 7. Bb3 d6 8. a4
Bg4 9. h3 Bh5 10. d3 O-O 11. c3 Na5 12. Bc2 c5 13. Nbd2 Nd7 14. Nf1 h6 15. Ng3
Bg6 16. Be3 Qc7 17. Qe2 Rfb8 18. axb5 axb5 19. d4 c4 20. Nf5 Bf6 21. N3h4 Bxh4
22. Nxh4 Nf6 23. Nxg6 fxg6 24. f3 b4 25. dxe5 dxe5 26. cxb4 Rxb4 27. Bd2 Rxb2
28. Bxa5 Rxa5 29. Rxa5 Qxa5 30. Qxc4+ Kh7 31. Rd1 Qb6+ 32. Kh1 Qf2 33. Rf1 Qxc2
34. Rc1 Qd2 35. Ra1 Qe2 36. Qxe2 Rxe2 37. Rc1 Nh5 38. Rc5 Nf4 39. Rxe5 Nxg2 40.
Re8 Nh4 41. f4 Nf3 42. e5 Rh2# 0-1

[Event "Mundial Juvenil femenino 2005 s12"]
[Site "Belfort FRA"]
[Date "2005.07.21"]
[Round "3.19"]
[White "Mammadbayova, Farida"]
[Black "Baciu, Diana"]
[Result "1/2-1/2"]
[WhiteElo "1599"]
[BlackElo "1849"]
[PlyCount "84"]
[EventDate "2005.07.19"]
[EventType "swiss"]
[EventRounds "11"]
[EventCountry "FRA"]
[Source "lmi"]
[SourceDate "2005.07.31"]

1. e4 c5 2. Nf3 e6 3. d4 cxd4 4. Nxd4 Nf6 5. Bd3 Nc6 6. Be3 e5 7. Nb3 d5 8.
exd5 Nxd5 9. Bd2 Be7 10. O-O O-O 11. a3 Be6 12. Qe2 f5 13. f3 Qb6+ 14. Kh1 Bf6
15. Bc4 Kh8 16. Nc3 Nxc3 17. Bxc3 Bxc4 18. Qxc4 Rae8 19. Nc5 Re7 20. Rad1 Rd8
21. b4 a6 22. a4 Nd4 23. Bxd4 exd4 24. a5 Qc6 25. c3 Qd5 26. Qxd5 Rxd5 27. cxd4
Rxd4 28. Rxd4 Bxd4 29. Rd1 Kg8 30. g3 Bxc5 31. bxc5 Rc7 32. Rd5 g6 33. Kg2 Kf7
34. f4 Ke6 35. Rd6+ Ke7 36. Rd5 Rd7 37. Re5+ Kd8 38. Kf3 Kc7 39. Re6 Rd5 40.
Re7+ Rd7 41. Re6 Rd5 42. Re7+ Rd7 1/2-1/2

[Event "Mundial Juvenil femenino 2005 s12"]
[Site "Belfort FRA"]
[Date "2005.07.21"]
[Round "3.20"]
[White "Mcgarity, Molly"]
[Black "Pujari, Rucha"]
[Result "1/2-1/2"]
[WhiteElo "1599"]
[BlackElo "1833"]
[PlyCount "87"]
[EventDate "2005.07.19"]
[EventType "swiss"]
[EventRounds "11"]
[EventCountry "FRA"]
[Source "lmi"]
[SourceDate "2005.07.31"]

1. e4 e6 2. d4 c5 3. c3 d5 4. exd5 Qxd5 5. Nf3 Nc6 6. Be3 cxd4 7. Bxd4 Nge7 8.
Nbd2 Nxd4 9. Nxd4 Bd7 10. Qf3 Qe5+ 11. Qe4 Qxe4+ 12. Nxe4 Nc6 13. Nb5 Rb8 14.
O-O-O a6 15. Nbd6+ Bxd6 16. Nxd6+ Ke7 17. Nxf7 Rhf8 18. Ng5 Rxf2 19. Nxh7 b5
20. Ng5 Rf4 21. Nf3 b4 22. c4 b3 23. a3 e5 24. Re1 Kd6 25. c5+ Kxc5 26. Nxe5
Nxe5 27. Rxe5+ Kd4 28. Re7 Rc8+ 29. Kd1 Rc7 30. Be2 Rf2 31. Bf3 Rxb2 32. Rxd7+
Rxd7 33. Kc1 Rc2+ 34. Kb1 Kc3 35. Re1 Rd3 36. Re7 Rb2+ 37. Ka1 Rc2 38. Kb1 Rf2
39. Rc7+ Kd2 40. Rc1 Re3 41. Kb2 Rexf3 42. gxf3 Rxh2 43. Rg1 Rf2 44. Rxg7
1/2-1/2

[Event "Mundial Juvenil femenino 2005 s12"]
[Site "Belfort FRA"]
[Date "2005.07.22"]
[Round "4.1"]
[White "Stetsko, Lanita"]
[Black "Paikidze, Nazi"]
[Result "0-1"]
[WhiteElo "1599"]
[BlackElo "2083"]
[PlyCount "124"]
[EventDate "2005.07.19"]
[EventType "swiss"]
[EventRounds "11"]
[EventCountry "FRA"]
[Source "lmi"]
[SourceDate "2005.07.31"]

1. e4 c5 2. Nc3 d6 3. g3 g6 4. Bg2 Bg7 5. d3 Nc6 6. f4 e6 7. Nf3 Nge7 8. O-O
O-O 9. Be3 Nd4 10. e5 Nec6 11. Ne4 dxe5 12. fxe5 Nxe5 13. Nxe5 Bxe5 14. c3 Nf5
15. Bxc5 Re8 16. d4 Bg7 17. Qf3 h5 18. Nd6 Nxd6 19. Bxd6 f5 20. Bf4 Qb6 21. Qf2
Bd7 22. Rfe1 Bc6 23. Be5 Rad8 24. Bxg7 Kxg7 25. Re5 Bxg2 26. Qxg2 Rxd4 27. cxd4
Qxd4+ 28. Kh1 Qxe5 29. Qxb7+ Kh6 30. Qxa7 Qxb2 31. Qe3+ Kh7 32. Rc1 Re7 33. a3
Kg7 34. Kg1 e5 35. Rd1 Qb7 36. Qg5 Qb6+ 37. Kg2 Qf6 38. Qd2 Rc7 39. Qa5 Qc6+
40. Kh3 Re7 41. Qb4 Qb7 42. Qc5 Qc7 43. Qb5 Qc8 44. Qb3 Rb7 45. Qd5 Re7 46. Qb3
g5 47. Rd6 Qb7 48. Qe3 f4 49. gxf4 Qc8+ 50. Kg2 Qg4+ 51. Kh1 gxf4 52. Qc5 f3
53. Rd2 Qg5 54. Qc3 Rf7 55. Rf2 Qf5 56. Qb2 Qe4 57. Qc1 Kh7 58. Qf1 Qf5 59. Qb5
e4 60. Qb3 e3 61. Rb2 f2 62. Qd1 Rb7 0-1

[Event "Mundial Juvenil femenino 2005 s12"]
[Site "Belfort FRA"]
[Date "2005.07.22"]
[Round "4.2"]
[White "Vo, Thi Kim Phung"]
[Black "Danelia, Mariam"]
[Result "0-1"]
[WhiteElo "1599"]
[BlackElo "1991"]
[PlyCount "148"]
[EventDate "2005.07.19"]
[EventType "swiss"]
[EventRounds "11"]
[EventCountry "FRA"]
[Source "lmi"]
[SourceDate "2005.07.31"]

1. d4 Nf6 2. c4 g6 3. Nc3 d5 4. Bg5 Ne4 5. Bf4 Nxc3 6. bxc3 dxc4 7. e3 Bg7 8.
Bxc4 O-O 9. Nf3 c5 10. O-O Nc6 11. Rc1 Na5 12. Be2 Bf5 13. Nd2 cxd4 14. cxd4
Rc8 15. e4 Bd7 16. d5 Qb6 17. Rb1 Qc5 18. Be3 Qa3 19. Nf3 Qxa2 20. Bxa7 Ba4 21.
Qd2 Bc2 22. Rb5 Nb3 23. Qe3 Rc3 24. Qb6 Ra8 25. Qxb7 Qxa7 26. e5 Rc7 27. Qxa7
Rcxa7 28. Rb4 Rc8 29. Bc4 Na5 30. Be2 Bf5 31. h3 h5 32. g4 hxg4 33. hxg4 Bd7
34. Kg2 Nb7 35. Rd1 Nc5 36. d6 exd6 37. Rxd6 Be6 38. Bc4 Bf8 39. Rd1 Rac7 40.
Bxe6 Nxe6 41. Re4 Rc4 42. Rde1 Bb4 43. R1e3 Ba5 44. Kg3 Bb6 45. Re1 Rxe4 46.
Rxe4 Rc2 47. g5 Bxf2+ 48. Kg4 Rc3 49. Rb4 Bc5 50. Ra4 Rd3 51. Ra8+ Kg7 52. Rc8
Be3 53. Rc4 Nd4 54. Nh4 Bf2 55. Nxg6 Kxg6 56. e6 Rg3+ 57. Kf4 Nxe6+ 58. Ke5
Rxg5+ 59. Kd6 Nd4 60. Ra4 f5 61. Kd5 Kh5 62. Ra2 Be3 63. Rh2+ Kg4 64. Rh8 f4+
65. Ke4 Nf5 66. Rd8 f3 67. Rd1 f2 68. Ra1 Bd2 69. Kd3 Be1 70. Ra4+ Kf3 71. Kc2
f1=Q 72. Ra3+ Ne3+ 73. Rxe3+ Kxe3 74. Kb3 Rb5+ 0-1

[Event "Mundial Juvenil femenino 2005 s12"]
[Site "Belfort FRA"]
[Date "2005.07.22"]
[Round "4.4"]
[White "Cori T., Deysi"]
[Black "Shakryan, Zozan"]
[Result "1-0"]
[WhiteElo "2035"]
[BlackElo "1599"]
[PlyCount "47"]
[EventDate "2005.07.19"]
[EventType "swiss"]
[EventRounds "11"]
[EventCountry "FRA"]
[Source "lmi"]
[SourceDate "2005.07.31"]

1. d4 d5 2. c4 c6 3. Nc3 e6 4. Nf3 Nf6 5. Bg5 h6 6. Bh4 Nbd7 7. e3 a6 8. Rc1
dxc4 9. Bxc4 b5 10. Bd3 c5 11. Be4 Ra7 12. Bc6 Qb6 13. Ne5 cxd4 14. exd4 Be7
15. d5 exd5 16. Nxd5 Nxd5 17. Bxd5 Bb7 18. Bxf7+ Kf8 19. Bxe7+ Kxe7 20. Qxd7+
Kf6 21. Rc6+ Bxc6 22. Qe6+ Kg5 23. h4+ Kf4 24. Ng6# 1-0

[Event "Mundial Juvenil femenino 2005 s12"]
[Site "Belfort FRA"]
[Date "2005.07.22"]
[Round "4.5"]
[White "Solovyova, Yeunyzaveta"]
[Black "Petrova, Olga"]
[Result "1/2-1/2"]
[WhiteElo "1921"]
[BlackElo "1599"]
[PlyCount "95"]
[EventDate "2005.07.19"]
[EventType "swiss"]
[EventRounds "11"]
[EventCountry "FRA"]
[Source "lmi"]
[SourceDate "2005.07.31"]

1. d4 Nf6 2. Nf3 g6 3. Bf4 Bg7 4. e3 O-O 5. Be2 d6 6. h3 c5 7. c3 Nd5 8. Bg3
cxd4 9. exd4 Nc6 10. Nbd2 e5 11. Qb3 Nb6 12. dxe5 dxe5 13. O-O Be6 14. Qd1 f5
15. Nb3 Qe7 16. Bh4 Bf6 17. Bxf6 Qxf6 18. Nc5 Rad8 19. Qc2 Bc8 20. Rfd1 e4 21.
Nd2 Ne5 22. Nf1 Qc6 23. b4 Nd5 24. Rac1 Rd6 25. a3 Rfd8 26. Ne3 Nf4 27. Rxd6
Rxd6 28. Rd1 b6 29. Nb3 Nxe2+ 30. Qxe2 Nd3 31. Qd2 Rd7 32. Nd4 Qa4 33. Qa2+ Rf7
34. Rd2 Qd7 35. Qc4 Ne5 36. Qb5 Nd3 37. Qc4 Ne5 38. Qb5 Nd3 39. a4 Qxb5 40.
axb5 Rc7 41. Nd5 Rc4 42. Ne7+ Kf7 43. Nxc8 Rxc8 44. Nc6 a6 45. c4 axb5 46. cxb5
Ra8 47. h4 Ke6 48. g3 1/2-1/2

[Event "Mundial Juvenil femenino 2005 s12"]
[Site "Belfort FRA"]
[Date "2005.07.22"]
[Round "4.6"]
[White "Ostrowska, Dominika"]
[Black "Messina, Roberta"]
[Result "0-1"]
[WhiteElo "1599"]
[BlackElo "1845"]
[PlyCount "60"]
[EventDate "2005.07.19"]
[EventType "swiss"]
[EventRounds "11"]
[EventCountry "FRA"]
[Source "lmi"]
[SourceDate "2005.07.31"]

1. e4 c5 2. Nf3 d6 3. d4 cxd4 4. Nxd4 Nf6 5. Nc3 a6 6. f3 e6 7. Be3 Be7 8. Qd2
O-O 9. O-O-O Qc7 10. g4 b5 11. h4 Bb7 12. g5 Nfd7 13. f4 Nc5 14. Bg2 b4 15.
Nce2 Bxe4 16. Bxe4 Nxe4 17. Qxb4 d5 18. Qe1 Nd7 19. h5 Rab8 20. Nb3 Rfc8 21. c3
a5 22. Bd4 a4 23. Nd2 Qb7 24. c4 Nxd2 25. Qxd2 Rxc4+ 26. Kb1 Bb4 27. Qd3 Bc5
28. Bc3 Ba3 29. Rd2 Nc5 30. Qc2 Ne4 0-1

[Event "Mundial Juvenil femenino 2005 s12"]
[Site "Belfort FRA"]
[Date "2005.07.22"]
[Round "4.8"]
[White "Lolici, Iselin"]
[Black "Hakimifard, Ghazal"]
[Result "0-1"]
[WhiteElo "2049"]
[BlackElo "1599"]
[PlyCount "68"]
[EventDate "2005.07.19"]
[EventType "swiss"]
[EventRounds "11"]
[EventCountry "FRA"]
[Source "lmi"]
[SourceDate "2005.07.31"]

1. c4 e5 2. g3 Nc6 3. Bg2 f5 4. Nc3 Nf6 5. e3 Bb4 6. Nge2 Bxc3 7. Nxc3 O-O 8.
O-O d6 9. b3 Be6 10. Bb2 Qd7 11. d4 Bf7 12. d5 Ne7 13. f4 e4 14. h3 Rad8 15.
Re1 c6 16. dxc6 Nxc6 17. Nd5 Bxd5 18. cxd5 Nb4 19. Bxf6 Rxf6 20. Qd4 Nc2 21.
Qxa7 Nxa1 22. Rxa1 Qb5 23. Bf1 Qb4 24. Rd1 Rg6 25. Kg2 Rc8 26. Be2 h6 27. Kf2
Rc2 28. Rd4 Qc3 29. Rc4 Rxe2+ 30. Kxe2 Qd3+ 31. Kf2 Qd2+ 32. Kf1 Rxg3 33. Rd4
Rf3+ 34. Kg1 Qe1+ 0-1

[Event "Mundial Juvenil femenino 2005 s12"]
[Site "Belfort FRA"]
[Date "2005.07.22"]
[Round "4.9"]
[White "Haast, Anne"]
[Black "Pavlidou, Ekaterini"]
[Result "1-0"]
[WhiteElo "1599"]
[BlackElo "1970"]
[PlyCount "65"]
[EventDate "2005.07.19"]
[EventType "swiss"]
[EventRounds "11"]
[EventCountry "FRA"]
[Source "lmi"]
[SourceDate "2005.07.31"]

1. e4 c5 2. Nf3 e6 3. d4 cxd4 4. c3 Nf6 5. e5 Nd5 6. cxd4 d6 7. Bc4 Nc6 8. O-O
dxe5 9. dxe5 Be7 10. Nbd2 b6 11. Ne4 Bb7 12. Bg5 O-O 13. Bxe7 Ncxe7 14. Nd6 Qd7
15. Rc1 a6 16. Nd4 b5 17. Bb3 Rfd8 18. Qd2 Ng6 19. f4 Nge7 20. Rc5 Nb6 21. f5
Nc4 22. Bxc4 bxc4 23. fxe6 fxe6 24. Rxc4 Nf5 25. N4xf5 exf5 26. Qc3 Bd5 27. Rc7
Qe6 28. Rxf5 Rf8 29. Rg5 g6 30. Qg3 Rae8 31. Qh4 Re7 32. Rxe7 Qxe7 33. Rxg6+
1-0

[Event "Mundial Juvenil femenino 2005 s12"]
[Site "Belfort FRA"]
[Date "2005.07.22"]
[Round "4.10"]
[White "Hughes, Rhian"]
[Black "Suarez Calvo, Alexandra"]
[Result "0-1"]
[WhiteElo "1599"]
[BlackElo "1924"]
[PlyCount "82"]
[EventDate "2005.07.19"]
[EventType "swiss"]
[EventRounds "11"]
[EventCountry "FRA"]
[Source "lmi"]
[SourceDate "2005.07.31"]

1. c4 c5 2. Nc3 Nc6 3. g3 g6 4. Bg2 Bg7 5. a3 Rb8 6. Rb1 a6 7. b4 cxb4 8. axb4
b5 9. cxb5 axb5 10. e4 d6 11. Nge2 Nf6 12. O-O O-O 13. f4 Qb6+ 14. Kh1 Ng4 15.
Qe1 Nd4 16. h3 Nc2 17. Qd1 Nf2+ 18. Rxf2 Qxf2 19. Qxc2 Bb7 20. Bb2 Rfc8 21. Rf1
Qxe2 22. Nxe2 Rxc2 23. Bxg7 Kxg7 24. Rd1 Rb2 25. Nc3 Rxb4 26. Kg1 Ra8 27. Kf2
Rb2 28. g4 b4 29. Ne2 Raa2 30. Ke1 Bc6 31. Nc1 Ra3 32. Ke2 b3 33. g5 Rc2 34.
Nxb3 Rxb3 35. f5 gxf5 36. exf5 Bxg2 37. Rg1 Bf3+ 38. Kf2 Rxd2+ 39. Kg3 Bd1+ 40.
Kh4 Rd4+ 41. Rg4 Bxg4 0-1

[Event "Mundial Juvenil femenino 2005 s12"]
[Site "Belfort FRA"]
[Date "2005.07.22"]
[Round "4.11"]
[White "Adamowicz, Katarzyna"]
[Black "Mitra, Hejazipour"]
[Result "1/2-1/2"]
[WhiteElo "1885"]
[BlackElo "1599"]
[PlyCount "105"]
[EventDate "2005.07.19"]
[EventType "swiss"]
[EventRounds "11"]
[EventCountry "FRA"]
[Source "lmi"]
[SourceDate "2005.07.31"]

1. e4 e5 2. Nf3 Nc6 3. Bb5 a6 4. Ba4 Nf6 5. O-O Nxe4 6. Re1 Nc5 7. Bxc6 dxc6 8.
Nxe5 Be7 9. d4 Ne6 10. c3 O-O 11. Be3 f6 12. Nd3 Bd6 13. Nd2 Re8 14. Nc4 Nf8
15. Nxd6 cxd6 16. Qb3+ Kh8 17. Bf4 Bf5 18. c4 Ne6 19. Be3 Qd7 20. Nf4 Ng5 21.
f3 Re7 22. d5 Nf7 23. c5 Rae8 24. dxc6 Qxc6 25. cxd6 Qxd6 26. Rad1 Qc7 27. Nd5
Be6 28. Nxc7 Bxb3 29. Nxe8 Bxd1 30. Nd6 Nxd6 31. Rxd1 Rxe3 32. Rxd6 h6 33. Rb6
Re7 34. Kf2 Kg8 35. Kg3 Kf7 36. Kg4 Kg6 37. h4 h5+ 38. Kf4 Rc7 39. g4 Re7 40.
b4 Rc7 41. a4 Re7 42. a5 Rc7 43. b5 axb5 44. Rxb5 hxg4 45. h5+ Kf7 46. fxg4 Rd7
47. Ke4 Ke7 48. Kf5 Kf7 49. g5 fxg5 50. Kxg5 Rc7 51. Kf5 Re7 52. Rb6 Rc7 53.
Rb5 1/2-1/2

[Event "Mundial Juvenil femenino 2005 s12"]
[Site "Belfort FRA"]
[Date "2005.07.22"]
[Round "4.12"]
[White "Langnerova, Karolina"]
[Black "Bejatovic, Bojana"]
[Result "1-0"]
[WhiteElo "1599"]
[BlackElo "1599"]
[PlyCount "104"]
[EventDate "2005.07.19"]
[EventType "swiss"]
[EventRounds "11"]
[EventCountry "FRA"]
[Source "lmi"]
[SourceDate "2005.07.31"]

1. e4 e5 2. Bc4 Nf6 3. d3 d5 4. exd5 Nxd5 5. Nf3 Nc6 6. O-O Bg4 7. Re1 Be7 8.
h3 Bxf3 9. Qxf3 Nf6 10. Be3 O-O 11. Nc3 Qd7 12. Ne4 Nb4 13. Re2 Nbd5 14. Nxf6+
Nxf6 15. Bg5 b5 16. Bb3 Qd6 17. Rae1 Nd7 18. Bxe7 Qxe7 19. d4 c5 20. Bd5 Rad8
21. dxe5 Nb6 22. Be4 Qe6 23. b3 Rfe8 24. Bc6 Rf8 25. Bxb5 f6 26. exf6 Qxf6 27.
Qxf6 Rxf6 28. Re7 Rd2 29. Re8+ Kf7 30. R1e7+ Kg6 31. Bd3+ Kh6 32. Re2 Rxe2 33.
Bxe2 Rc6 34. Re7 Nc8 35. Rb7 Re6 36. Bg4 Re1+ 37. Kh2 Nd6 38. Rxa7 Ne4 39. Re7
Ra1 40. Rxe4 Rxa2 41. Rc4 Ra5 42. c3 Ra3 43. b4 cxb4 44. cxb4 Ra4 45. Rc6+ g6
46. b5 Rb4 47. b6 Kg5 48. Bc8 Rb2 49. b7 Rb5 50. Ra6 Kf4 51. Ra8 Rxb7 52. Bxb7
Ke5 1-0

[Event "Mundial Juvenil femenino 2005 s12"]
[Site "Belfort FRA"]
[Date "2005.07.22"]
[Round "4.14"]
[White "Neuhauser, Salome"]
[Black "Capelo, Paola"]
[Result "0-1"]
[WhiteElo "1599"]
[BlackElo "1599"]
[PlyCount "92"]
[EventDate "2005.07.19"]
[EventType "swiss"]
[EventRounds "11"]
[EventCountry "FRA"]
[Source "lmi"]
[SourceDate "2005.07.31"]

1. e4 e5 2. Nf3 Nc6 3. Bb5 Nd4 4. Bc4 Nxf3+ 5. Qxf3 Nf6 6. d3 d6 7. Bg5 Be7 8.
h3 Be6 9. Nd2 c6 10. O-O-O Nxe4 11. Bxe7 Nxd2 12. Rxd2 Qxe7 13. Bxe6 Qxe6 14.
Kb1 O-O-O 15. Re2 Qd7 16. Rhe1 Rhe8 17. Qe3 Kb8 18. f4 f6 19. g4 h6 20. fxe5
Rxe5 21. Qf3 Rde8 22. Rxe5 Rxe5 23. Rxe5 dxe5 24. c3 Kc7 25. Kc2 Qd5 26. Qxd5
cxd5 27. Kd2 Kd6 28. Ke3 g6 29. b4 b5 30. h4 f5 31. h5 fxg4 32. hxg6 Ke6 33. d4
e4 34. Kf4 Kf6 35. g7 Kxg7 36. Kxg4 Kg6 37. Kf4 h5 38. a3 a6 39. c4 bxc4 40. a4
c3 41. Ke3 h4 42. b5 axb5 43. axb5 h3 44. b6 h2 45. b7 h1=Q 46. b8=Q Qf3# 0-1

[Event "Mundial Juvenil femenino 2005 s12"]
[Site "Belfort FRA"]
[Date "2005.07.22"]
[Round "4.15"]
[White "Qurbonboyeva, Sarvinoz"]
[Black "Chen, Yidi"]
[Result "0-1"]
[WhiteElo "1599"]
[BlackElo "1599"]
[PlyCount "140"]
[EventDate "2005.07.19"]
[EventType "swiss"]
[EventRounds "11"]
[EventCountry "FRA"]
[Source "lmi"]
[SourceDate "2005.07.31"]

1. c4 Nf6 2. Nc3 g6 3. g3 d5 4. cxd5 Nxd5 5. Bg2 Nxc3 6. bxc3 Bg7 7. Nf3 O-O 8.
O-O c5 9. a4 Qc7 10. Ba3 Rd8 11. Qc2 Bf5 12. e4 Be6 13. Rfd1 c4 14. Ng5 Bc8 15.
Rab1 Nc6 16. Nf3 Bg4 17. h3 Bxf3 18. Bxf3 Ne5 19. Bg2 Rd7 20. f4 Nd3 21. e5 Rb8
22. Qa2 b6 23. Bb4 Bf8 24. a5 b5 25. a6 e6 26. Bxf8 Kxf8 27. Qa3+ Kg8 28. Rf1
Qb6+ 29. Kh2 Nc5 30. Rb2 Na4 31. Ra2 Qxa6 32. Qb4 Qb6 33. Rb1 Nc5 34. Bf1 Nb3
35. d4 a5 36. Qa3 Qc7 37. Qb2 Qb7 38. Qc2 Rc8 39. Bg2 Qb6 40. Bf1 Rdc7 41. Rab2
Qa7 42. Rd1 b4 43. d5 exd5 44. Rxd5 bxc3 45. Qxc3 a4 46. Ra2 Rc5 47. Rxc5 Qxc5
48. Rxa4 Qf2+ 49. Bg2 Nd4 50. Ra1 Nb3 51. Rf1 Qc5 52. Bf3 Nd4 53. Bg4 Nb5 54.
Qa1 Rd8 55. Qc1 c3 56. Bf3 Rd2+ 57. Kh1 Nd4 58. Be4 Ne2 59. Qe1 Qe3 60. Bf3 c2
61. Bxe2 Qxe2 62. Qxe2 Rxe2 63. Rc1 Rd2 64. Rxc2 Rxc2 65. Kg1 Kf8 66. g4 Ke7
67. h4 Ke6 68. Kf1 h5 69. f5+ gxf5 70. gxh5 Rh2 0-1

[Event "Mundial Juvenil femenino 2005 s12"]
[Site "Belfort FRA"]
[Date "2005.07.22"]
[Round "4.16"]
[White "Russell, Luthien"]
[Black "Collado Barbas, Laura"]
[Result "0-1"]
[WhiteElo "1599"]
[BlackElo "1599"]
[PlyCount "44"]
[EventDate "2005.07.19"]
[EventType "swiss"]
[EventRounds "11"]
[EventCountry "FRA"]
[Source "lmi"]
[SourceDate "2005.07.31"]

1. d4 d5 2. c4 e6 3. Nc3 Nf6 4. cxd5 exd5 5. Bg5 Nbd7 6. Nf3 c6 7. e3 Qa5 8.
Nd2 Bb4 9. Qc1 O-O 10. a3 Bd6 11. Bd3 h6 12. Bh4 Qc7 13. Nf3 Re8 14. O-O Ne4
15. Qc2 Ndf6 16. Bxf6 Nxf6 17. b4 Bg4 18. Ne5 Bxe5 19. dxe5 Qxe5 20. h3 Be6 21.
b5 c5 22. Ne2 c4 0-1

[Event "Mundial Juvenil femenino 2005 s12"]
[Site "Belfort FRA"]
[Date "2005.07.22"]
[Round "4.17"]
[White "Williams, Jordana"]
[Black "Dines, Sheila"]
[Result "0-1"]
[WhiteElo "1599"]
[BlackElo "1599"]
[PlyCount "98"]
[EventDate "2005.07.19"]
[EventType "swiss"]
[EventRounds "11"]
[EventCountry "FRA"]
[Source "lmi"]
[SourceDate "2005.07.31"]

1. e4 e5 2. Nf3 Nc6 3. Bb5 a6 4. Bxc6 dxc6 5. O-O Bd6 6. d3 Nf6 7. Re1 Bg4 8.
h3 Bh5 9. Bg5 h6 10. Bh4 g5 11. Bg3 Qe7 12. Nbd2 g4 13. hxg4 Bxg4 14. Qc1 Nh5
15. Bh4 f6 16. Nh2 Bd7 17. Nc4 Bc5 18. Qd1 Qf7 19. Qf3 Nf4 20. Ne3 O-O-O 21.
Nhg4 Be7 22. Bg3 h5 23. Nh2 Ng6 24. Nhf1 h4 25. Bh2 Rdg8 26. Nf5 h3 27. Bg3
hxg2 28. N1e3 Qh7 29. Nxe7+ Qxe7 30. Nxg2 Qh7 31. Kf1 Nf4 32. Nxf4 Bg4 33. Qg2
exf4 34. Kg1 fxg3 35. fxg3 Bh3 36. Qf3 Rxg3+ 37. Qxg3 Rg8 38. Qxg8+ Qxg8+ 39.
Kf2 Qg2+ 40. Ke3 Qxc2 41. Rh1 Bg4 42. Rag1 Qe2+ 43. Kd4 Qxb2+ 44. Ke3 Qe2+ 45.
Kd4 c5+ 46. Kc3 b5 47. Re1 b4+ 48. Kb3 Be6+ 49. Ka4 Qxa2# 0-1

[Event "Mundial Juvenil femenino 2005 s12"]
[Site "Belfort FRA"]
[Date "2005.07.22"]
[Round "4.19"]
[White "Vempati, Gayatri"]
[Black "Greeff, Melissa"]
[Result "1-0"]
[WhiteElo "1599"]
[BlackElo "1599"]
[PlyCount "161"]
[EventDate "2005.07.19"]
[EventType "swiss"]
[EventRounds "11"]
[EventCountry "FRA"]
[Source "lmi"]
[SourceDate "2005.07.31"]

1. d4 d5 2. c4 c6 3. Nf3 Nf6 4. Nc3 e6 5. e3 Nbd7 6. Qc2 Be7 7. Bd2 a6 8. Rc1
dxc4 9. Bxc4 b5 10. Bd3 Bb7 11. e4 c5 12. e5 Nd5 13. Nxd5 Bxd5 14. Be4 Bxe4 15.
Qxe4 O-O 16. O-O cxd4 17. Rfd1 Nc5 18. Qg4 Kh8 19. Nxd4 Qb6 20. Be3 Qb7 21. Nf3
Rac8 22. Ng5 Nd7 23. Qh5 Bxg5 24. Qxg5 Rxc1 25. Rxc1 Rc8 26. Rd1 Re8 27. Qf4
Nb8 28. h3 h6 29. Rd6 Kg8 30. Qg4 Kh8 31. Qh4 Nc6 32. Qe4 Nd8 33. Qxb7 Nxb7 34.
Rxa6 Rd8 35. Rb6 Na5 36. Rxb5 Nc4 37. Bf4 g5 38. Rb4 Rd1+ 39. Kh2 Nxb2 40. Rxb2
gxf4 41. a4 Ra1 42. Rb4 Kg7 43. Rxf4 Ra3 44. Rg4+ Kf8 45. f3 Ra2 46. Kg3 Ke7
47. Kh4 Re2 48. f4 Ra2 49. Kh5 Rxa4 50. Kxh6 Re4 51. Kg7 Re1 52. h4 Rh1 53. g3
Ke8 54. Kf6 Kf8 55. Rg7 Rg1 56. Rxf7+ Ke8 57. Rg7 Rh1 58. Kxe6 Kd8 59. Kf6 Re1
60. e6 Re3 61. e7+ Kd7 62. Kf7 Rxe7+ 63. Kf8 Rxg7 64. Kxg7 Ke6 65. h5 Kf5 66.
h6 Kg4 67. h7 Kxg3 68. h8=Q Kxf4 69. Qh5 Ke4 70. Qg5 Kd4 71. Qf5 Kc4 72. Qe5
Kd3 73. Kf6 Kc4 74. Ke6 Kd3 75. Kd5 Kc2 76. Qe3 Kb2 77. Kc4 Kc2 78. Qd3+ Kc1
79. Qe2 Kb1 80. Kb3 Kc1 81. Qc2# 1-0

[Event "Mundial Juvenil femenino 2005 s12"]
[Site "Belfort FRA"]
[Date "2005.07.22"]
[Round "4.20"]
[White "Bulmaga, Irina"]
[Black "Jus, Katja"]
[Result "1-0"]
[WhiteElo "2074"]
[BlackElo "1599"]
[PlyCount "87"]
[EventDate "2005.07.19"]
[EventType "swiss"]
[EventRounds "11"]
[EventCountry "FRA"]
[Source "lmi"]
[SourceDate "2005.07.31"]

1. e4 e5 2. Nf3 Nc6 3. Bc4 Bc5 4. c3 Bb6 5. d3 h6 6. Bb3 Nf6 7. Nbd2 d6 8. h3
Be6 9. Bc2 O-O 10. Nf1 Re8 11. Qe2 a5 12. g4 Nh7 13. Ng3 Kf8 14. Nf5 Bxf5 15.
gxf5 f6 16. Nh4 Ke7 17. Bb3 Kd7 18. Be6+ Rxe6 19. fxe6+ Kc8 20. Qg4 Kb8 21.
Qxg7 Nf8 22. e7 Nxe7 23. Nf5 Neg6 24. Qxh6 Ka7 25. Be3 Bxe3 26. fxe3 Ne7 27.
Qxf6 Nxf5 28. Qxd8 Rxd8 29. exf5 e4 30. d4 d5 31. Kd2 Nh7 32. h4 Rf8 33. Raf1
Kb8 34. Rhg1 Kc8 35. h5 Kd8 36. Rg7 Nf6 37. h6 Rh8 38. Rg6 Ke7 39. Rfg1 Nd7 40.
Rg7+ Ke8 41. h7 Nf6 42. Rg8+ Nxg8 43. Rxg8+ Rxg8 44. hxg8=Q+ 1-0

[Event "Mundial Juvenil femenino 2005 s12"]
[Site "Belfort FRA"]
[Date "2005.07.23"]
[Round "5.1"]
[White "Paikidze, Nazi"]
[Black "Danelia, Mariam"]
[Result "1-0"]
[WhiteElo "2083"]
[BlackElo "1991"]
[PlyCount "91"]
[EventDate "2005.07.19"]
[EventType "swiss"]
[EventRounds "11"]
[EventCountry "FRA"]
[Source "lmi"]
[SourceDate "2005.07.31"]

1. Nf3 Nf6 2. c4 g6 3. Nc3 d5 4. cxd5 Nxd5 5. d3 Bg7 6. Bd2 O-O 7. g3 c5 8. Bg2
e6 9. O-O Nc6 10. Qc1 Nxc3 11. Bxc3 Nd4 12. Nxd4 cxd4 13. Bb4 Re8 14. Qd2 Rb8
15. Rfc1 b6 16. Rc2 a5 17. Ba3 Bb7 18. Bxb7 Rxb7 19. Rac1 Qd7 20. Rc6 Be5 21.
Qc2 Kg7 22. b3 f5 23. Qc4 Qd5 24. f4 Qxc4 25. R1xc4 Bf6 26. Bd6 e5 27. fxe5
Bxe5 28. Bxe5+ Rxe5 29. Kf2 Rd5 30. Rc7+ Rxc7 31. Rxc7+ Kh6 32. Rc6 b5 33. a3
Kg5 34. Kf3 a4 35. bxa4 bxa4 36. Ra6 h5 37. Rxa4 h4 38. Rb4 hxg3 39. hxg3 Kf6
40. a4 g5 41. Rb6+ Ke7 42. Rb5 Rd6 43. Rxf5 Ra6 44. a5 Ke6 45. Rxg5 Ra8 46. Ke4
1-0

[Event "Mundial Juvenil femenino 2005 s12"]
[Site "Belfort FRA"]
[Date "2005.07.23"]
[Round "5.5"]
[White "Suarez Calvo, Alexandra"]
[Black "Lefevre, Margaux"]
[Result "1/2-1/2"]
[WhiteElo "1924"]
[BlackElo "1599"]
[PlyCount "54"]
[EventDate "2005.07.19"]
[EventType "swiss"]
[EventRounds "11"]
[EventCountry "FRA"]
[Source "lmi"]
[SourceDate "2005.07.31"]

1. e4 e6 2. d3 d5 3. Nd2 c5 4. Ngf3 Nc6 5. g3 Qc7 6. Bg2 d4 7. O-O Bd6 8. Re1
Nge7 9. Qe2 Ng6 10. Nc4 e5 11. h4 f6 12. Nh2 Be6 13. c3 O-O-O 14. Bd2 Rdg8 15.
Rec1 Qb6 16. b4 dxc3 17. bxc5 Nd4 18. Qd1 Bxc5 19. Rxc3 Kb8 20. Rb1 Qd6 21. a4
Rc8 22. Ne3 Ne7 23. Nc4 Qa6 24. a5 Rhd8 25. Bf1 Bxc4 26. Rxc4 Bd6 27. Rbc1 Rxc4
1/2-1/2